Az iráni atomprogram és az Európai Unió közös kül- és biztonságpolitikája

Bibliográfiai részletek
Szerző: Lencse Júlia
További közreműködők: Pőcze Dr. Tamás
Dokumentumtípus: Diplomadolgozat
Kulcsszavak:Irán
Európai Unió
Külpolitika
Biztonságpolitika
Nukleáris fegyverek
Közel-Kelet
Online Access:http://dolgozattar.uni-bge.hu/398

MARC

LEADER 00000nta a2200000 i 4500
001 dolg398
005 20221005133425.0
008 150305suuuu hu om 000 hun d
040 |a BGE Dolgozattár Repozitórium  |b hun 
041 |a hu 
100 1 |a Lencse Júlia 
245 1 3 |a Az iráni atomprogram és az Európai Unió közös kül- és biztonságpolitikája  |c Lencse Júlia  |h [elektronikus dokumentum] 
695 |a Irán 
695 |a Európai Unió 
695 |a Külpolitika 
695 |a Biztonságpolitika 
695 |a Nukleáris fegyverek 
695 |a Közel-Kelet 
700 1 |a Pőcze Dr. Tamás  |e ths 
856 4 0 |u http://dolgozattar.uni-bge.hu/398/1/Szakdolgozat%20BGF%20PDF.pdf  |z Dokumentum-elérés